Score 0/26 Timer 03:00
2 Plays Today
Slogan Answer % Correct
Have it your ________.way
98.9%
Just ________ it.do
97%
There are some things ________ can't buy. For everything else, there's MasterCard.money
95.4%
________! Crackle! Pop!Snap
95.4%
Can you ________ me now?hear
95.4%
Finger ________ good.lickin'
94.3%
Betcha can't ________ just one.eat
93.7%
Don't get ________. Get Glad!mad
93.4%
I'm ________ it.lovin'
92.4%
________ milk?Got
92.2%
Gimme a ________.break
89.3%
It ________ going and going and going.keeps
89.2%
What's in your ________?wallet
87.9%
Slogan Answer % Correct
Like a good ________, State Farm is there.neighbor
87.2%
With a name like Smuckers, it has to be ________!good
87%
Subway, eat ________!fresh
85.6%
Every ________ begins with Kay.kiss
85%
Nobody ________ lay a finger on my Butterfinger!better
80.7%
The ________ picker-upper.quicker
76.5%
So easy a ________ can do it.caveman
75.8%
A ________ is forever.diamond
75%
Maybe she's ________ with it. Maybe it's Maybelline.born
70.4%
They're ________ delicious.magically
68.8%
________ wanted.Drivers
53.9%
Respect the ________! Respect it!pouch
39.4%
Please don't ________ the Charmin.squeeze
38.9%

Today's Daily Dose

Remove Ads.
Support Sporcle.
Get the best of Sporcle when you Go Orange. This ad-free experience offers more features, more stats, and more fun while also helping to support Sporcle. Thank you for becoming a member.

You're not logged in!

Compare scores with friends on all Sporcle quizzes.
OR
Log In

Show Comments

Extras

Top Quizzes Today


Score Distribution

Your Account Isn't Verified!

In order to create a playlist on Sporcle, you need to verify the email address you used during registration. Go to your Sporcle Settings to finish the process.

Report this User

Report this user for behavior that violates our Community Guidelines.

Details: